Slnovrat Slovenské národné múzeum v Bratislave, 12.12.1996-20.1.1997

Podrobná bibliografia
Korporatívny autor: Spolok výtvarníkov Slovenska (Autor)
Ďalší autori: Kubíková, Klára (Zostavovateľ, kompilátor), Fialová, H. (Fotograf), Majer, Pavel (Fotograf), Marenčin, Martin, 1956- (Fotograf), Mičúchová, Anna (Fotograf), Mollerová, Mária (Prekladateľ)
Médium: Kniha
Jazyk:slovenčina
Fyzický popis:[32] s. čiernobiele a fareb. fotogr., reprod. 30 cm
Vydavateľské údaje: [Bratislava] Spolok výtvarníkov Slovenska [1996]
ISBN:8096766805
Predmet:

MARC

LEADER 00000nam a2200000 a 4500
001 vtls001276580
003 SK-MaSNL
005 20260425222024.0
008 160624s1996 xo o g c 00000dslo
015 |a SNBE1997/0200368 
020 |a 8096766805 
035 |a SNK000227829 
040 |a SNK  |b slo  |c SNK  |e AACR2 
041 0 |a slo 
044 |a xo  |c SK 
080 |a 73/76:061.4(083.9)  |2 1981 
080 |a 069.6.02  |2 1981 
110 2 |a Spolok výtvarníkov Slovenska  |4 aut  |9 33351 
245 1 0 |a Slnovrat  |b Slovenské národné múzeum v Bratislave, 12.12.1996-20.1.1997  |c komisárka výstavy Klára Kubíková ; fotografie H. Fialová ... [et al.] ; grafická úprava Mária Mollerová 
260 |a [Bratislava]  |b Spolok výtvarníkov Slovenska  |c [1996] 
300 |a [32] s.  |b čiernobiele a fareb. fotogr., reprod.  |c 30 cm 
366 |e 500 výt. 
500 |a Biogr. údaje 
648 7 |a 20. stor.  |2 SNKPH  |9 275975 
650 0 7 |a výtvarné umenie  |2 SNKPH  |9 723 
651 7 |a Bratislava (Slovensko)  |2 SNKPH  |9 14568 
651 7 |a Slovensko  |2 SNKPH  |9 14231 
655 7 |a katalógy výstav  |2 SNKPH  |9 70445 
700 1 |a Kubíková, Klára  |4 com  |9 5166 
700 1 |a Fialová, H.  |4 pht  |9 12948 
700 1 |a Majer, Pavel  |4 pht  |9 11859 
700 1 |a Marenčin, Martin,  |d 1956-  |4 pht  |9 90522 
700 1 |a Mičúchová, Anna  |4 pht  |9 45717 
700 1 |a Mollerová, Mária  |4 trl  |9 45842 
710 2 |a Slovenské národné múzeum  |4 orm  |9 32460 
919 |a 80-967668-0-5 
958 |a BX 
999 |c 541316  |d 543246 
952 |t P60, <09>, [BOOK], {629}  |a SNK  |b SNK  |y NEVYP  |7 0  |0 0  |1 0  |4 0  |d 1997-02-24  |l 0  |r 2005-01-02 00:00:00  |w 2026-02-23 
952 |t P60, <03>, [BOOK], {603}  |a SNK  |b SNK  |y PREZ  |7 0  |p 17A0037032  |o snkOSB 11289  |i snkKSP 1577/97  |0 0  |1 0  |4 0  |d 1997-02-24  |l 0  |r 2005-01-02 00:00:00  |w 2026-02-23 
952 |t P60, <04>, [BOOK], {604}  |a SNK  |b SNK  |y VYP  |7 0  |p 17A0037033  |o snkOSB 11289 D1  |i snkKSP 1578/97  |0 0  |1 0  |4 0  |d 1997-02-24  |l 0  |r 2005-01-02 00:00:00  |w 2026-02-23